| 000 | 00536nam a2200169 a 4500 | ||
|---|---|---|---|
| 001 | 2036 | ||
| 005 | 20140414132032.0 | ||
| 008 | 040109s19uu xx 00 eng d | ||
| 020 | _a1-901223-43-4 | ||
| 050 |
_aTR _bM99 1995 |
||
| 100 | _aBlackstone, Stella | ||
| 245 |
_aMy Granny went to market : _cStella Blackstone ; pictures by Bernard Lodge. _ba round-the-world counting rhyme / |
||
| 260 |
_aSingapore : _bBarefoot Books, _c1995. |
||
| 300 | _a1 v. p. : ill. ; cm. | ||
| 650 |
_aCounting _xJuvenile literature. |
||
| 999 |
_c113650 _d113650 |
||